[Event "CRO Team Cup 2019"]
[Site "Losinj"]
[Date "2019.05.15"]
[Round "1.10"]
[White "Brajdic, Danko"]
[Black "Cvitan, Ognjen"]
[Result "0-1"]
[WhiteElo "2183"]
[BlackElo "2484"]
[Annotator "TA"]
[PlyCount "72"]
[EventDate "2019.05.15"]
[EventType "team-tourn"]
[EventCountry "CRO"]
[SourceTitle "playchess.com"]
[Source "ChessBase"]
[SourceQuality "1"]

{[%evp 17,72,0,0,-12,-8,-29,-18,-21,0,-5,-6,-52,-48,-64,-59,-51,-60,-122,-130,-182,-179,-167,-137,-154,-158,-156,-152,-145,-120,-128,-147,-137,-128,-156,-156,-162,-154,-254,-254,-249,-220,-412,-403,-381,-350,-497,-495,-478,-350,-465,-456,-640,-640,-595,-506,-595,-576]} 1. Nf3 c5 2. g3 g6 3. Bg2 Bg7 4. O-O Nc6 5. e4 e5 6. d3 Nge7 7. c3 O-O 8. a3 d6 9. b4 a6 10. Nbd2 {A04: Unusual lines after 1 Nf3 and King's Indian Attack} h6 (10... Be6 11. Ng5 Bd7 12. Nc4 h6 13. Nxd6 hxg5 14. Nxb7 Qc8 15. Nxc5 g4 16. Bg5 Re8 17. Qb3 Nd8 {0-1 (47) Petrosian,T (2601)-Carlsen,M (2837) Riadh 2017}) 11. Nb3 b6 $1 12. Rb1 {The position is equal.} cxb4 13. cxb4 d5 14. d4 exd4 15. Nfxd4 Nxd4 16. Nxd4 dxe4 17. Bxe4 (17. Bb2 $15) 17... Bh3 $146 ({Predecessor:} 17... Ra7 18. Ne2 Bg4 19. Qxd8 Rxd8 {0-1 (38) Ribeiro,F (2243)-Gonzalez Trigal,J (2338) Mondariz 2016}) 18. Nc6 (18. Be3 $17) 18... Nxc6 $19 19. Bxc6 Rc8 20. Bg2 Qxd1 $40 {[%mdl 128] Black is out for blood.} 21. Rxd1 {[#]} Bf5 $1 {[%cal Rf5b1]} 22. Be3 Bxb1 23. Rxb1 Rc3 24. a4 Rb8 25. Bf1 Ra3 26. Bxa6 Rxa4 27. b5 (27. Bb5 $17 Ra1 28. Rxa1 Bxa1 29. Bc6) 27... Bd4 28. Bxh6 Ra2 29. Be3 $2 {[#]} (29. Rd1 {keeps fighting.} Bxf2+ 30. Kf1) 29... Bxe3 30. fxe3 {[%mdl 4096] Endgame KRR-KRB} Re2 31. Rc1 (31. Rf1 {was called for.}) 31... Rd8 32. Bb7 Rxe3 33. Kf2 Rb3 {Black is clearly winning.} 34. Bc6 (34. Rc2 $142) 34... Rd2+ 35. Kg1 Rbb2 36. h4 Rd3 {Accuracy: White = 42%, Black = 89%.} 0-1

[Event "CRO Team Cup 2019"]
[Site "Losinj"]
[Date "2019.05.15"]
[Round "1.11"]
[White "Kurajica, Bojan"]
[Black "Starcevic, Kresimir"]
[Result "1-0"]
[WhiteElo "2505"]
[BlackElo "2131"]
[Annotator "TA"]
[PlyCount "71"]
[EventDate "2019.05.15"]
[EventType "team-tourn"]
[EventCountry "CRO"]
[SourceTitle "playchess.com"]
[Source "ChessBase"]
[SourceQuality "1"]

{[%evp 12,71,46,25,122,102,151,156,210,203,206,195,203,190,223,211,257,272,317,321,313,308,317,313,308,299,430,362,397,389,392,385,420,423,451,430,414,403,507,504,722,693,886,576,1107,962,1012,819,1075,1072,965,731,705,410,400,407,29990,29991,29991,29992,29992,29993]} 1. Nf3 Nf6 2. d4 c5 3. c4 cxd4 4. Nxd4 e5 5. Nb5 d5 6. cxd5 Bc5 7. N5c3 e4 {[#] A31: Symmetrical English: 2 Nf3 Nf6 3 d4} (7... O-O $11) (7... O-O 8. g3 Ng4 9. e3 f5 10. Be2 Nh6 11. Nd2 Nd7 12. Nb3 Bd6 13. e4 f4 14. f3 a6 15. Qd3 Nf6 16. g4 Nf7 17. Bd2 Bd7 18. O-O-O b5 19. a3 Qb6 20. Na2 a5 {0-1 (20) Abel,D (2465)-Ponomariov,R (2663) Germany 2019}) 8. Nxe4 $1 $16 {[%mdl 64] Decoy} Nxe4 {[%csl Ge4][%cal Rc5f2]} 9. Qa4+ {[%mdl 64] Double Attack} Kf8 $146 (9... Nc6 $16 10. Qxe4+ Ne7) ({Predecessor:} 9... Nc6 10. Qxe4+ Ne7 11. Nc3 O-O 12. e3 Bf5 13. Qf3 Bg6 14. Be2 Bb4 15. Bd2 Bxc3 16. Bxc3 Qxd5 {1-0 (44) Anikaev,Y (2460)-Zeitlein,M (2490) USSR 1984}) 10. Qxe4 $18 Nd7 {and the idea ...Nf6 leaves Black hopeful.} 11. Nc3 Nf6 12. Qd3 h5 13. Be3 Bxe3 14. Qxe3 (14. fxe3 $6 Bd7 $16) 14... Bf5 15. Qd4 Qa5 16. f3 Re8 17. Kf2 Rh6 18. e4 Bxe4 (18... Bc8 $142 19. b4 Qc7) 19. Bb5 ({Resist} 19. fxe4 Ng4+ 20. Kg1 Rb6 $18) 19... Rc8 20. b4 Qd8 21. Nxe4 ({Less strong is} 21. fxe4 Rxc3 22. Bd3 Qc7 $14) 21... Nxe4+ 22. fxe4 Rc2+ 23. Ke1 Rxg2 24. Kd1 Qh4 25. Be2 Rf6 26. Rc1 {[#] Rc8+ would kill now.} Kg8 27. Rc2 Rff2 28. Re1 Qxh2 29. e5 Rf4 30. Qd3 {[%cal Rc2c8]} g6 31. e6 Qh4 32. Rc8+ Kh7 {Strongly threatening ...Rd4.} 33. exf7 Rd4 (33... Rxf7 $18 34. d6 (34. Bf3 $2 Rxf3 35. Qe4 Qxe4 $19) 34... Qxb4 35. Bxh5 Qa4+ 36. Rc2 Qxc2+ 37. Qxc2 Rxc2) 34. f8=Q {[%csl Gc8][%cal Rf8h8] White mates.} Rxd3+ 35. Bxd3 {[%csl Gc8][%cal Rf8h8]} Qg4+ 36. Kc1 {Accuracy: White = 97%, Black = 32%.} 1-0

[Event "CRO Team Cup 2019"]
[Site "Losinj"]
[Date "2019.05.15"]
[Round "1.12"]
[White "Pavcevic, Bruno"]
[Black "Rogic, Davor"]
[Result "1/2-1/2"]
[WhiteElo "2098"]
[BlackElo "2498"]
[Annotator "ChessBase"]
[PlyCount "83"]
[EventDate "2019.05.15"]
[EventType "team-tourn"]
[EventCountry "CRO"]
[SourceTitle "playchess.com"]
[Source "ChessBase"]
[SourceQuality "1"]
[TimeControl "40/5400+30:1800+30"]

1. e4 {[%emt 0:00:30]} c5 {[%emt 0:00:30]} 2. Nf3 {[%emt 0:02:30]} e6 {[%emt 0:00:00]} 3. c4 {[%emt 0:05:30]} Nc6 {[%emt 0:02:00]} 4. d3 {[%emt 0:07:30]} Nf6 {[%emt 0:06:30]} 5. Be2 {[%emt 0:04:30]} d5 {[%emt 0:03:30]} 6. Nbd2 {[%emt 0:01:30]} Be7 {[%emt 0:01:30]} 7. O-O {[%emt 0:01:30]} O-O {[%emt 0:00:30]} 8. b3 {[%emt 0:04:30]} b6 {[%emt 0:01:30]} 9. Bb2 {[%emt 0:00:30]} Bb7 {[%emt 0:00:30]} 10. Re1 {[%emt 0:05:30]} Qc7 {[%emt 0:03:30]} 11. e5 {[%emt 0:10:30]} Nd7 {[%emt 0:05:30]} 12. cxd5 {[%emt 0:08:30]} exd5 {[%emt 0:00:30]} 13. d4 {[%emt 0:01:30]} cxd4 {[%emt 0:04:30]} 14. Bd3 {[%emt 0:01:30]} h6 {[%emt 0:07:30]} 15. Rc1 {[%emt 0:03:30]} Bc5 {[%emt 0:03:30]} 16. Bb1 {[%emt 0:01:30]} Rfe8 {[%emt 0:07:30]} 17. Qc2 {[%emt 0:02:30]} Nf8 {[%emt 0:00:30]} 18. Nxd4 {[%emt 0:02:30]} Qd7 {[%emt 0:05:30]} 19. N2f3 {[%emt 0:06:30]} Bxd4 {[%emt 0:05:30]} 20. Bxd4 {[%emt 0:04:30]} Nxd4 {[%emt 0:00:30]} 21. Nxd4 {[%emt 0:00:30]} Rac8 {[%emt 0:02:30]} 22. Qd2 {[%emt 0:03:30]} Rxc1 {[%emt 0:07:30]} 23. Qxc1 {[%emt 0:00:38]} Qg4 {[%emt 0:02:30]} 24. Qd2 {[%emt 0:03:28]} Ne6 {[%emt 0:01:30]} 25. Nxe6 {[%emt 0:01:02]} Qxe6 {[%emt 0:01:30]} 26. Qd3 {[%emt 0:03:01]} g6 {[%emt 0:01:30]} 27. f4 {[%emt 0:01:10]} Qg4 {[%emt 0:04:30]} 28. Qd4 {[%emt 0:02:36]} Rc8 {[%emt 0:01:30]} 29. e6 {[%emt 0:04:54]} fxe6 {[%emt 0:00:30]} 30. h3 {[%emt 0:00:59]} Qg3 {[%emt 0:02:16]} 31. Qe5 {[%emt 0:00:11]} Rc6 {[%emt 0:00:13]} 32. Bc2 {[%emt 0:02:31]} Kf7 {[%emt 0:02:48]} 33. Re3 {[%emt 0:01:11]} Qh4 {[%emt 0:00:10]} 34. Bxg6+ {[%emt 0:01:51]} Kxg6 {[%emt 0:02:00]} 35. f5+ {[%emt 0:00:01]} Kh7 {[%emt 0:02:57]} 36. Rg3 {[%emt 0:00:18]} Qe7 {[%emt 0:06:09]} 37. f6 {[%emt 0:00:16]} Qd6 {[%emt 0:01:07]} 38. Qh5 {[%emt 0:02:55]} Qxg3 {[%emt 0:04:14]} 39. Qf7+ {[%emt 0:00:04]} Kh8 {[%emt 0:00:08]} 40. Qf8+ {[%emt 0:00:04]} Kh7 {[%emt 0:01:08]} 41. Qf7+ {[%emt 0:30:06]} Kh8 {[%emt 0:30:08]} 42. Qf8+ {[%emt 0:00:07]} 1/2-1/2

[Event "CRO Team Cup 2019"]
[Site "Losinj"]
[Date "2019.05.15"]
[Round "1.13"]
[White "Skuhala, Jernej"]
[Black "Bosiocic, Marin"]
[Result "0-1"]
[WhiteElo "2280"]
[BlackElo "2618"]
[Annotator "TA"]
[PlyCount "64"]
[EventDate "2019.05.15"]
[EventType "team-tourn"]
[EventCountry "CRO"]
[SourceTitle "playchess.com"]
[Source "ChessBase"]
[SourceQuality "1"]

{[%evp 18,64,10,10,15,12,46,44,39,0,0,-13,0,-41,0,-26,-14,-11,-1,-52,-36,-101,-58,-75,-69,-85,-15,-47,87,-72,191,206,186,192,273,-90,-91,-145,-133,-277,-276,-370,-363,-584,-584,-581,-562,-690,-680]} 1. e4 c5 2. Nf3 d6 3. d4 cxd4 4. Nxd4 Nf6 5. Nc3 a6 6. Be3 e5 7. Nb3 Be6 8. f3 h5 9. Qd2 Nbd7 10. O-O-O b5 {B90: Sicilian Najdorf: Unusual White 6th moves, 6 Be3 Ng4 and 6 Be3 e5} 11. Nd5 (11. Kb1 Rc8 12. g3 Be7 13. Nd5 Nxd5 14. exd5 Bf5 15. Bd3 Bxd3 16. Qxd3 O-O 17. Rhg1 f5 18. h3 {1-0 (47) Aronian,L (2767)-Vachier Lagrave,M (2779) Saint Louis 2018}) 11... Bxd5 12. exd5 Nb6 {White is slightly better.} 13. Bxb6 (13. Qc3 $14) 13... Qxb6 $11 14. Kb1 Rc8 15. Rg1 Be7 16. Bd3 O-O $146 ({Predecessor:} 16... g6 17. Rge1 Kf8 18. f4 Nd7 19. Rf1 f5 20. fxe5 dxe5 {0-1 (38) Rubil,M (2207)-Nagy,B (2381) Austria 2018}) 17. Bf5 Rc4 18. g4 (18. Rge1 $11) 18... Rf4 19. Qg2 (19. Qd3 $15) 19... h4 20. Nc1 {next Ne2 is good for White.} g6 21. Ne2 Rc4 (21... Ra4 $17) 22. f4 Rd8 (22... exf4 $15 {stays ahead.} 23. Bd3 Ra4) 23. b3 $2 (23. Bd3 $1 $16 {stays on course.}) 23... Rc5 $2 {[%mdl 8192]} (23... Rc7 $17 {keeps the pressure on.} 24. g5 Nh5) 24. g5 $18 Nh5 25. Qg4 {And now Bxg6! would win.} Rc7 (25... Rf8 $142) 26. Be4 $2 {[#]} ({White has to play} 26. Bxg6 $1 $18 fxg6 27. Qe6+ Kh7 28. f5) 26... Nxf4 $1 $17 27. Nxf4 (27. Nd4 $142) 27... exf4 28. Rdf1 (28. Qxf4 $17 {is a better defense.} Bf8 29. Qxh4) 28... Bf8 $19 29. Rxf4 {[#] Threatens to win with Bxg6!} Re8 $1 30. Bd3 $2 (30. Qd1 {might work better.} Bg7 31. Re1) 30... Bg7 {Black is clearly winning.} 31. Rf6 Rce7 32. Rd1 Re1 {Accuracy: White = 21%, Black = 51%.} 0-1

[Event "CRO Team Cup 2019"]
[Site "Losinj"]
[Date "2019.05.15"]
[Round "1.14"]
[White "Tica, Sven"]
[Black "Havas, Janko"]
[Result "1-0"]
[WhiteElo "2417"]
[BlackElo "2218"]
[Annotator "TA"]
[PlyCount "53"]
[EventDate "2019.05.15"]
[EventType "team-tourn"]
[EventCountry "CRO"]
[SourceTitle "playchess.com"]
[Source "ChessBase"]
[SourceQuality "1"]

{[%evp 18,53,22,14,19,17,24,9,2,-27,33,27,58,45,100,105,83,81,171,154,158,169,241,212,400,387,593,545,569,545,593,577,578,598,559,588,569,543]} 1. Nf3 Nf6 2. g3 g6 3. b3 Bg7 4. Bb2 d6 5. d4 O-O 6. Bg2 c5 7. O-O cxd4 8. Nxd4 d5 9. c4 dxc4 10. bxc4 Qc7 {A49: 1 d4 Nf6 2 Nf3 g6 3 g3: Anti-King's Indian systems} (10... Nc6 11. Nxc6 bxc6 12. Nd2 Bg4 13. Bxc6 Rc8 14. Bf3 Bxf3 15. exf3 Qd3 16. Rc1 Rfd8 17. Bc3 Bh6 18. f4 {½-½ (28) Shankland,S (2722)-Svidler,P (2756) Hoogeveen 2018}) 11. Na3 $146 {[%cal Bb1a3,Ba3c4,Bc4b6,Bb6d5][%mdl 32]} ({Predecessor:} 11. Qb3 Nc6 12. Na3 a6 13. Nxc6 bxc6 14. Qa4 Bd7 15. c5 Be6 16. Nc4 Bxc4 17. Qxc4 e6 18. Bxf6 Bxf6 {½-½ (47) Petrosian,T (2609)-Kovalev,V (2648) Sharjah 2018}) 11... a6 12. Rc1 Rd8 {[#] aiming for ...e5.The position is equal.} 13. Qc2 Bd7 (13... e5 $11 14. Nb3 Nc6) 14. c5 $14 Nc6 15. Nc4 Ne8 ({Black should play} 15... Nd5 $14) 16. e3 $16 Nxd4 17. exd4 {Hoping for Nb6.} Bf5 (17... Bb5 $16 {was called for.}) 18. Qb3 Rab8 19. Nb6 Nf6 ({Of course not} 19... Bxd4 20. Nd5 $16) (19... Rxd4 {keeps fighting.} 20. Bxd4 Bxd4) 20. Rfe1 h5 $2 (20... e6 {is a better defense.} 21. d5 Nxd5) 21. d5 $18 {And now Be5 would win.} Ne8 (21... Re8 $142 22. Be5 {[%mdl 64] Skewer} Qd8 23. Bxb8 Qxb8) 22. Ba3 {White is clearly winning.} Bd4 {[#]} 23. d6 $1 {[%mdl 512]} exd6 24. Nd5 Qa5 {[%cal Rd6c5]} 25. Bb4 Qb5 {[%cal Rd6c5]} 26. Bf1 Qd7 27. Re7 {Accuracy: White = 79%, Black = 28%.} 1-0

[Event "CRO Team Cup 2019"]
[Site "Losinj"]
[Date "2019.05.15"]
[Round "1.15"]
[White "Novak, Ivan"]
[Black "Petrov, Jole"]
[Result "0-1"]
[WhiteElo "2204"]
[BlackElo "2406"]
[Annotator "TA"]
[PlyCount "70"]
[EventDate "2019.05.15"]
[EventType "team-tourn"]
[EventCountry "CRO"]
[SourceTitle "playchess.com"]
[Source "ChessBase"]
[SourceQuality "1"]

{[%evp 15,70,-30,-36,-30,-30,-20,-14,-30,-37,-97,-98,-100,-98,-141,-29,-79,-62,-317,-289,-303,-257,-390,-370,-367,-358,-388,-284,-341,-342,-355,-346,-484,-458,-467,-498,-518,-542,-524,-535,-522,-503,-496,-439,-417,-429,-566,-565,-602,-599,-808,-816,-774,-769,-1398,-1422,-29997,-29998]} 1. d4 d5 2. Nf3 c6 3. c4 e6 4. Nc3 dxc4 5. a4 Bb4 6. e3 b5 7. Ne5 Nf6 8. axb5 cxb5 9. Bd2 {D31: Queen's Gambit Declined: Semi-Slav without ...Nf6 (+ Marshall Gambit and Noteboom) and Exchange Variation lines without ...Nf6} Bxc3 $1 10. Bxc3 Bb7 11. Ba5 {The position is equal.} (11. Bb4 a5 12. Bc5 Na6 13. Be2 Qc7 14. Ba3 Nd7 15. Nxd7 Qxd7 16. b3 c3 {0-1 (27) Hossain,B (1872)-Aronyak,G (2343) Dhaka 2018}) 11... Qd5 12. Bb4 $146 (12. f3 $15) ({Predecessor:} 12. f3 Nc6 13. Nxc6 Bxc6 14. Bb4 e5 15. Be2 exd4 16. exd4 Qg5 17. O-O Nd5 {0-1 (17) Hahn,E-Klaus,G Bad Oeynhausen 1942}) 12... Nc6 $17 13. Nxc6 Qxc6 14. b3 {[#]} c3 (14... a5 $1 $17 {[%cal Ra5b4][%mdl 512]} 15. Bxa5 (15. Rxa5 Rxa5) 15... O-O) 15. Qd3 {[#]} a5 $1 $36 {[%cal Ra5b4][%mdl 2048] Black fights for an advantage.} 16. Bc5 $2 {[%mdl 8192]} (16. Bxc3 $15 b4 17. Bd2) 16... b4 $19 17. Qb5 Kd7 18. Bd3 (18. f3 {was worth a try.}) 18... Qxb5 19. Bxb5+ Bc6 20. Bd3 Be4 21. Bb5+ Kc7 22. f3 Bc6 23. Bd3 Nd7 24. Be7 f6 25. Ke2 Rhe8 26. Bc5 Nxc5 27. dxc5 Red8 28. e4 Rdb8 29. Ke3 Bb5 30. Rhd1 Bxd3 31. Kxd3 Rd8+ 32. Kc4 Rxd1 33. Rxd1 Rd8 34. Ra1 Kc6 {( -> ...e5)} 35. g4 e5 0-1

[Event "CRO Team Cup 2019"]
[Site "Losinj"]
[Date "2019.05.15"]
[Round "1.16"]
[White "Zelenika, Srdjan"]
[Black "Havas, Juraj"]
[Result "1/2-1/2"]
[WhiteElo "2218"]
[BlackElo "2067"]
[Annotator "TA"]
[PlyCount "140"]
[EventDate "2019.05.15"]
[EventType "team-tourn"]
[EventCountry "CRO"]
[SourceTitle "playchess.com"]
[Source "ChessBase"]
[SourceQuality "1"]

{[%evp 26,140,1,0,0,0,0,0,17,0,9,0,37,36,49,31,100,92,81,52,77,86,107,6,0,0,124,97,93,91,112,80,77,81,81,61,83,60,104,76,92,81,155,118,110,113,128,118,131,136,201,201,204,204,204,203,214,153,171,165,244,208,229,247,289,201,198,181,176,158,145,155,150,154,239,232,233,232,206,129,129,129,129,129,138,129,138,138,151,99,98,103,87,0,103,8,8,8,40,0,8,8,8,8,8,8,8,8,8,8,8,8,8,8,8,8,8]} 1. e4 c5 2. Nf3 Nc6 3. d4 cxd4 4. Nxd4 Nf6 5. Nc3 e5 6. Ndb5 d6 7. Bg5 a6 8. Na3 Be6 9. Nc4 Rc8 10. Ne3 Be7 11. Bxf6 Bxf6 12. Ncd5 Bg5 13. c3 O-O 14. Be2 Ne7 {B33: Sicilian: Pelikan and Sveshnikov Variations} 15. Nxe7+ (15. O-O Bxe3 16. Nxe3 d5 17. exd5 Nxd5 18. Nxd5 {½-½ (19) Martinez Romero,M (2434)-Escobar Forero,A (2476) Bagre 2018}) 15... Qxe7 16. Nd5 Qd8 17. O-O Kh8 $146 ({Predecessor:} 17... Qa5 18. b4 Qa3 19. c4 a5 20. Qb3 axb4 21. Nxb4 {½-½ (70) Docekal,J (2261)-Michalek,J (2336) Czechia 2010}) 18. g3 f5 19. exf5 Bxf5 20. Bg4 Rc5 (20... Be4 $14) 21. Bxf5 $16 Rxf5 22. Qg4 Qf8 23. Rad1 b5 24. Nb6 (24. b4 $16 Rc6 25. Qe2) 24... Rc6 $1 $11 {[%cal Rc6b6]} 25. Nd5 (25. f4 $11 exf4 26. Rd5) 25... Rc5 $1 $16 26. Qe4 Rc4 27. Qe2 Rf7 28. b3 Rc5 29. Rd3 Rc8 30. f3 Bd8 31. Rfd1 Ba5 32. Qe4 g6 33. Kg2 Rf5 (33... Qe8 $142) 34. Ra1 Bd8 35. a4 bxa4 36. Rxa4 a5 37. Ne3 Rf7 (37... Rf6 $16 38. Qd5 Bc7) 38. Nc4 $18 Rf6 39. Nxa5 Bxa5 40. Rxa5 Qe7 41. Ra8 Rxa8 42. Qxa8+ $16 {[%mdl 4096] Endgame KQR-KQR} Rf8 (42... Kg7 $142 43. Qc6 h5) 43. Qd5 Rb8 44. b4 (44. Qxd6 $6 Qxd6 45. Rxd6 Rxb3 $16) 44... Rb6 45. f4 exf4 46. Qd4+ ({But not} 46. gxf4 Qe2+ 47. Kh3 Qf1+ 48. Kg3 Qe1+ 49. Kh3 Qf1+ 50. Kg4 Qe2+ 51. Kh3 Qf1+ $14) 46... Kg8 47. gxf4 ({Don't do} 47. Qxb6 Qe2+ 48. Qf2 Qxd3 $16) ({Worse is} 47. Qxf4 Rxb4 48. Qxb4 Qe2+ 49. Kg1 Qxd3 $11) 47... Qe2+ 48. Kg3 {[#] Re3 is the strong threat.} Qe1+ 49. Qf2 Qxf2+ (49... Qb1 $16 50. Qe2 Kf8) 50. Kxf2 {KR-KR} Kf7 {[#]} 51. Rh3 $1 h5 52. f5 gxf5 53. Rxh5 Ke6 54. Ke3 Ke5 55. Kd3 d5 56. Rh8 Rg6 57. Re8+ (57. b5 $142) 57... Kd6 58. Rd8+ Ke5 59. Re8+ Kd6 $1 60. c4 (60. Rb8 $16 {aiming for Rb6+.} Rg2 61. Rh8) 60... dxc4+ $11 61. Kxc4 Kc6 62. Rf8 Rg4+ {The position is equal.} 63. Kb3 Rh4 64. Rf6+ Kb7 65. Rxf5 Rxh2 66. Rf6 Rh5 67. Ka4 Rh7 68. Ka5 Rh5+ 69. b5 Rh7 70. Rb6+ Ka7 {Accuracy: White = 55%, Black = 62%.} 1/2-1/2

[Event "CRO Team Cup 2019"]
[Site "Losinj"]
[Date "2019.05.15"]
[Round "1.17"]
[White "Saric, Ante"]
[Black "Ljikar, Zoran"]
[Result "1-0"]
[WhiteElo "2534"]
[BlackElo "2193"]
[Annotator "TA"]
[PlyCount "67"]
[EventDate "2019.05.15"]
[EventType "team-tourn"]
[EventCountry "CRO"]
[SourceTitle "playchess.com"]
[Source "ChessBase"]
[SourceQuality "1"]

{[%evp 18,67,29,16,29,25,25,29,29,29,29,29,29,29,33,29,30,27,43,42,50,45,168,172,169,169,170,175,167,169,208,220,268,276,296,296,291,273,279,277,524,505,516,493,645,629,696,661,656,596,1540,1548]} 1. Nf3 Nf6 2. c4 c5 3. Nc3 Nc6 4. g3 d5 5. d4 cxd4 6. Nxd4 dxc4 7. Nxc6 Qxd1+ 8. Nxd1 bxc6 9. Bg2 Nd5 10. Ne3 Ba6 {A34: Symmetrical English: 2 Nc3, lines with ...d5} (10... e6 11. Nxc4 Ba6 12. b3 Bb4+ 13. Bd2 Ke7 14. Ne5 Rhc8 15. Rc1 c5 16. Bxb4 cxb4 17. Rxc8 Rxc8 18. Bxd5 Kd6 19. Bf3 Kxe5 20. Kd2 Rd8+ 21. Ke3 {½-½ (31) Bacrot,E (2684)-Vidit,S (2695) chess.com INT 2019}) 11. Nxd5 cxd5 12. Bxd5 Rc8 {White has an edge.} 13. Bd2 e6 14. Bf3 Be7 15. Bc3 O-O 16. O-O-O Bb5 17. Rd2 $146 ({Predecessor:} 17. h4 Ba4 18. Rd2 {½-½ (26) Saravanan,V (2335)-Kosic,D (2508) Budapest 2019}) 17... f5 18. e3 Rfd8 19. Rhd1 Ba4 (19... Rxd2 $14 20. Rxd2 Rf8) 20. Rxd8+ $18 Rxd8 21. Rxd8+ Bxd8 {[%mdl 4096] Endgame KBB-KBB} 22. Be2 Kf7 23. Bxc4 Bc6 24. b4 g5 25. Bd4 Bb6 26. f4 gxf4 27. gxf4 h5 28. Kd2 h4 $2 {[#]} (28... Ke7 29. h4 Kd6) 29. Kc3 {White is clearly winning.} Ke7 30. Bc5+ Bxc5 31. bxc5 a5 32. Kd4 Kf6 33. Bd3 Bb7 34. Bb5 {Accuracy: White = 98%, Black = 27%.} 1-0

[Event "CRO Team Cup 2019"]
[Site "Losinj"]
[Date "2019.05.15"]
[Round "1.18"]
[White "Babic, Andrija"]
[Black "Plenca, Julijan"]
[Result "0-1"]
[WhiteElo "2131"]
[BlackElo "2411"]
[Annotator "TA"]
[PlyCount "48"]
[EventDate "2019.05.15"]
[EventType "team-tourn"]
[EventCountry "CRO"]
[SourceTitle "playchess.com"]
[Source "ChessBase"]
[SourceQuality "1"]

{[%evp 15,108,14,14,-45,-38,-53,-47,-69,-57,-87,-72,-65,-68,-115,-106,-108,-105,-104,-65,-116,-106,-120,-110,-116,-113,-151,-156,-166,-164,-154,-154,-170,-174,-168,-147,-144,-139,-131,-135,-145,-147,-143,-146,-150,-145,-152,-145,-156,-136,-139,-87,-89,-87,-106,-120,-115,-104,-122,-113,-136,-139,-416,-394,-383,-383,-341,-231,-201,-177,-275,-275,-457,-458,-458,-275,-275,-267,-457,-450,-443,-443,-443,-443,-438,-438,-438,-438,-29969,-29970,-29971,-29972,-29973,-29975,-29963,-12634]} 1. Nf3 f5 2. d4 Nf6 3. g3 g6 4. Bg2 Bg7 5. O-O O-O 6. c4 d6 7. Nc3 Nc6 8. Re1 e5 9. dxe5 {A89: Dutch Defence: Leningrad System: 5 Nf3 0-0 6 0-0 d6 7 Nc3 Nc6} ({White should play} 9. d5 $11 Ne7 10. Rb1) 9... dxe5 $15 10. Qxd8 Rxd8 11. Bg5 {Black is slightly better.} e4 $1 {[%cal Re4f3]} 12. Nd2 h6 13. Bxf6 $146 ({Predecessor:} 13. Be3 Be6 14. h3 Ne5 15. b3 c6 16. Rac1 Rd7 {1-0 (54) Fernandez,D (2308)-Soto,A (2134) Dos Hermanas 2004}) 13... Bxf6 14. Nf1 Be6 $36 {[%mdl 2048] Black has strong initiative.} 15. Ne3 Rd2 16. Rab1 Bd4 17. Ned5 ({White should try} 17. Ncd5 $15 Bxd5 18. Nxd5) 17... Rd8 $17 18. b3 Bxd5 19. Nxd5 Rxa2 20. Nxc7 Bc3 21. Rec1 Be5 $1 {[%cal Re5c7]} 22. Nd5 Rxe2 23. Bf1 Ra2 24. Re1 Kf8 {Played: Be5-d4} 0-1